Biochemistry
Most authoritative, comprehensive text for a one- or two-semester course in biochemistry.
Сохранить в:
| Главный автор: | |
|---|---|
| Формат: | |
| Язык: | Undetermined |
| Опубликовано: |
Reading, MA
Addison-Wesley
1983
|
| Предметы: | |
| Метки: |
Добавить метку
Нет меток, Требуется 1-ая метка записи!
|
| Thư viện lưu trữ: | Trung tâm Học liệu Trường Đại học Cần Thơ |
|---|
| LEADER | 00557nam a2200193Ia 4500 | ||
|---|---|---|---|
| 001 | CTU_160573 | ||
| 008 | 210402s9999 xx 000 0 und d | ||
| 082 | |a 574.19 | ||
| 082 | |b Z93 | ||
| 100 | |a Zubay, Geoffrey | ||
| 245 | 0 | |a Biochemistry | |
| 245 | 0 | |c Geoffrey Zubay | |
| 260 | |a Reading, MA | ||
| 260 | |b Addison-Wesley | ||
| 260 | |c 1983 | ||
| 520 | |a Most authoritative, comprehensive text for a one- or two-semester course in biochemistry. | ||
| 650 | |a Biochemistry | ||
| 904 | |i Giang | ||
| 980 | |a Trung tâm Học liệu Trường Đại học Cần Thơ | ||